Sevilla del oro (Record no. 136263)

MARC details
000 -LEADER
campo de control de longitud fija 00506nam a2200169 4500
001 - NÚMERO DE CONTROL
campo de control 136263
003 - IDENTIFICADOR DE NÚMERO DE CONTROL
campo de control ES-MaACL
005 - FECHA Y HORA DE LA ÚLTIMA TRANSACCIÓN
campo de control 20230906195055.0
007 - CAMPO FIJO DE DESCRIPCIÓN FÍSICA--INFORMACIÓN GENERAL
campo de control de longitud fija t|
008 - DATOS DE LONGITUD FIJA--INFORMACIÓN GENERAL
campo de control de longitud fija 070214s1948 sp r ||||1| spa d
100 1# - ENTRADA PRINCIPAL--NOMBRE DE PERSONA
Nombre de persona Rumazo, José.
9 (RLIN) 100987
245 10 - MENCIÓN DEL TÍTULO
Título Sevilla del oro
Resto del título : ; y La leyenda del cacique dorado : dramas /
Mención de responsabilidad, etc. José Rumazo.
260 ## - PUBLICACIÓN, DISTRIBUCIÓN, ETC.
Lugar de publicación, distribución, etc. Madrid :
Nombre del editor, distribuidor, etc. Afrodisio Aguado,
Fecha de publicación, distribución, etc. 1948.
300 ## - DESCRIPCIÓN FÍSICA
Extensión 123 p. ;
Dimensiones 17 cm.
740 0# - ENTRADA AGREGADA--TÍTULO RELACIONADO/ANALÍTICO NO CONTROLADO
Título relacionado o analítico no controlado La leyenda del cacique dorado.
852 ## - LOCALIZACIÓN
Ubicación ES-MaACL
Número de control de estantería C-5627
Sublocalización o colección R.26169
Holdings
Estatus retirado Estado de pérdida Estado de daño No para préstamo Biblioteca de origen Biblioteca actual Ubicación en estantería Fecha de adquisición Fuente de adquisición Total de préstamos Signatura topográfica completa Código de barras Visto por última vez Precio de reemplazo Tipo de ítem Koha
        Biblioteca del Ateneo de Madrid Biblioteca del Ateneo de Madrid Sala Palomar 17/01/2008     C-5627 1141815 23/02/2023 23/02/2023 Libro impreso